Analýza účinnosti vybraných marketingových nástrojov podniku bakalárska práca

Salvato in:
Dettagli Bibliografici
Autore principale: Gilian, Filip
Ente Autore: Fakulta podnikového manažmentu EU. Katedra podnikovohospodárska
Altri autori: Kissová, Jana, 1979-
Natura: Libro
Lingua:slovacco
Pubblicazione: Bratislava 2019
Tags: Aggiungi Tag
Nessun Tag, puoi essere il primo ad aggiungerne!!

MARC

LEADER 00000nbm a2200000 4500
001 0255369
005 20191125141244.5
041 0 |a slo 
044 |a SK 
245 1 0 |a Analýza účinnosti vybraných marketingových nástrojov podniku  |b bakalárska práca  |c Filip Gilian ; školiteľ: Jana Kissová 
264 1 |a Bratislava  |c 2019 
300 |a 46 s. 
100 1 |a Gilian, Filip 
700 1 |a Kissová, Jana, 1979- 
710 2 |a Fakulta podnikového manažmentu EU. Katedra podnikovohospodárska